Can You Name All The Characteristics Of Charlie From Brawl Stars? - Statistics

General Stats
  • This quiz has been taken 3 times
  • The average score is 3 of 15
Answer Stats
Hint Answer % Correct
Rarity Mythic
100%
Title Amazing
33%
Trio Bizarre Circus
33%
Super Cocoon
33%
Class Controller
33%
Buffies No
33%
Trait No
33%
Attack Yo-Yo
33%
Star Power Digestive
0%
Voice Actor Elsa Perusin
0%
Prestige Title Main Attraction
0%
Gadgets Personal Space
0%
Hypercharge Pestilence
0%
Star Power Slimy
0%
Gadgets Spiders
0%
No matching quizzes found
Score Distribution
Percent of People with Each Score
Percentile by Number Answered
Your Score History
You have not taken this quiz